[Event "CXU Nytår 2015 Øbro"]
[Site "?"]
[Date "2015.12.28"]
[Round "2.8"]
[White "Lilja, 2111, Richard"]
[Black "Arni Nilssen, 2262, IM John"]
[Result "0-1"]
[BlackElo "2262"]
[WhiteElo "2111"]
[LiveChessVersion "1.4.6"]

1. e4 {[%clk 1:58:37]} c5 {[%clk 1:59:50]} 2. Nc3 {[%clk 1:58:24]} Nc6
{[%clk 1:59:41]} 3. Bb5 {[%clk 1:57:57]} Nd4 {[%clk 1:57:36]} 4. Bc4
{[%clk 1:57:49]} e6 {[%clk 1:51:07]} 5. Nf3 {[%clk 1:57:39]} Qc7 {[%clk 1:43:32]}
6. d3 {[%clk 1:49:27]} Nc6 {[%clk 1:42:39]} 7. O-O {[%clk 1:45:10]} a6
{[%clk 1:40:07]} 8. a4 {[%clk 1:40:01]} Bd6 {[%clk 1:38:04]} 9. Be3
{[%clk 1:34:04]} Nge7 {[%clk 1:37:20]} 10. Kh1 {[%clk 1:31:06]} Ng6
{[%clk 1:30:59]} 11. Qd2 {[%clk 1:13:21]} b6 {[%clk 1:29:22]} 12. Ne2
{[%clk 1:04:23]} Bb7 {[%clk 1:25:56]} 13. c3 {[%clk 1:01:42]} O-O
{[%clk 1:15:47]} 14. Ng3 {[%clk 0:53:47]} Nce7 {[%clk 1:07:53]} 15. Ng5
{[%clk 0:36:49]} Bf4 {[%clk 0:36:22]} 16. Nh5 {[%clk 0:31:50]} Bxe3
{[%clk 0:35:40]} 17. Qxe3 {[%clk 0:28:58]} h6 {[%clk 0:33:04]} 18. Nh3
{[%clk 0:26:35]} f5 {[%clk 0:25:42]} 19. f4 {[%clk 0:16:09]} Qc6 {[%clk 0:24:11]}
20. Ng3 {[%clk 0:11:54]} Kh8 {[%clk 0:19:54]} 21. Rf2 {[%clk 0:08:45]} b5
{[%clk 0:13:36]} 22. Bb3 {[%clk 0:06:21]} d5 {[%clk 0:08:00]} 23. Bc2
{[%clk 0:03:44]} Nh4 {[%clk 0:07:03]} 24. Ng1 {[%clk 0:03:19]} c4
{[%clk 0:05:34]} 25. exf5 {[%clk 0:02:06]} d4 {[%clk 0:04:27]} 26. Qe2
{[%clk 0:00:48]} Nexf5 {[%clk 0:03:52]} 27. Nxf5 {[%clk 0:00:37]} Nxf5
{[%clk 0:01:43]} 28. axb5 {[%clk 0:00:36]} axb5 {[%clk 0:01:34]} 29. Rxa8
{[%clk 0:00:35]} Bxa8 {[%clk 0:01:29]} 30. dxc4 {[%clk 0:00:34]} bxc4
{[%clk 0:00:55]} 31. Bxf5 {[%clk 0:00:33]} exf5 {[%clk 0:00:48]} 32. cxd4
{[%clk 0:00:30]} Re8 33. Qd2 {[%clk 0:00:19]} Re4 {[%clk 0:00:46]} 34. Nf3
{[%clk 0:00:13]} Qd6 {[%clk 0:00:37]} 35. Rf1 0-1

[Event "CXU Nytår 2015 Øbro"]
[Site "?"]
[Date "2015.12.28"]
[Round "2.9"]
[White "Winther Fredericia, 2079, WFM Louise"]
[Black "Kasper Rhee, 2214, Alexander"]
[Result "0-1"]
[BlackElo "2214"]
[WhiteElo "2079"]
[LiveChessVersion "1.4.6"]

1. e4 {[%clk 1:59:56]} d6 {[%clk 1:58:25]} 2. Nc3 {[%clk 1:57:49]} g6
{[%clk 1:57:04]} 3. f4 {[%clk 1:56:58]} Bg7 {[%clk 1:55:23]} 4. Nf3
{[%clk 1:56:37]} Nf6 {[%clk 1:54:32]} 5. d4 {[%clk 1:52:16]} O-O {[%clk 1:54:18]}
6. Be2 {[%clk 1:50:50]} c5 {[%clk 1:45:27]} 7. O-O {[%clk 1:43:29]} cxd4
{[%clk 1:14:19]} 8. Nxd4 {[%clk 1:43:21]} a6 {[%clk 1:10:34]} 9. Be3
{[%clk 1:30:21]} Nbd7 {[%clk 1:08:12]} 10. Nb3 {[%clk 1:25:09]} b5
{[%clk 1:02:56]} 11. Bf3 {[%clk 1:23:10]} Bb7 {[%clk 1:00:46]} 12. a3
{[%clk 1:19:44]} Rc8 {[%clk 0:58:20]} 13. Qe1 {[%clk 1:16:53]} Rxc3
{[%clk 0:36:56]} 14. bxc3 {[%clk 1:16:14]} Bxe4 {[%clk 0:33:10]} 15. Bxe4
{[%clk 1:14:02]} Nxe4 {[%clk 0:33:06]} 16. Bd4 {[%clk 1:11:26]} f5
{[%clk 0:32:07]} 17. Bxg7 {[%clk 1:06:20]} Kxg7 {[%clk 0:31:56]} 18. a4
{[%clk 1:00:42]} Qb6+ {[%clk 0:30:38]} 19. Kh1 {[%clk 0:58:00]} Rc8
{[%clk 0:30:08]} 20. axb5 {[%clk 0:50:23]} axb5 {[%clk 0:30:01]} 21. Nd2
{[%clk 0:45:38]} Ndf6 {[%clk 0:29:20]} 22. Nxe4 {[%clk 0:42:54]} Nxe4
{[%clk 0:29:09]} 23. Ra3 {[%clk 0:39:47]} Qc5 {[%clk 0:25:08]} 24. Rb3
{[%clk 0:37:41]} Rc7 {[%clk 0:20:22]} 25. Rf3 {[%clk 0:33:00]} Ra7
{[%clk 0:17:51]} 26. h3 {[%clk 0:18:59]} Ra4 {[%clk 0:12:32]} 27. Qe3
{[%clk 0:13:44]} Qc6 {[%clk 0:11:40]} 28. Rf1 {[%clk 0:05:45]} Rc4
{[%clk 0:10:45]} 29. Rfb1 {[%clk 0:05:23]} Kf7 {[%clk 0:10:15]} 30. Rxb5
{[%clk 0:02:38]} Rxc3 {[%clk 0:09:10]} 31. Qe1 {[%clk 0:02:30]} Rxc2
{[%clk 0:07:23]} 32. R5b2 {[%clk 0:00:49]} Nf2+ {[%clk 0:04:29]} 33. Qxf2
{[%clk 0:00:47]} Rxf2 {[%clk 0:04:23]} 34. Rxf2 {[%clk 0:00:45]} Qe4
{[%clk 0:02:56]} 35. Rbb2 {[%clk 0:00:34]} Kf6 {[%clk 0:02:35]} 36. Rbe2
{[%clk 0:00:30]} Qb1+ {[%clk 0:02:30]} 37. Kh2 {[%clk 0:00:29]} h6
{[%clk 0:01:10]} 38. g4 {[%clk 0:00:28]} e5 {[%clk 0:00:24]} 39. fxe5+
{[%clk 0:00:26]} dxe5 {[%clk 0:00:24]} 40. gxf5 {[%clk 0:00:19]} gxf5
{[%clk 0:00:22]} 41. Re3 {[%clk 0:00:08]} Qb6 {[%clk 0:00:08]} 42. Ref3
{[%clk 0:00:06]} Qb1 43. Rf1 Qe4 44. Kg3 Kg5 45. Rxf5+ Qxf5 46. Rxf5+ Kxf5 47.
Kf3 h5 48. h4 e4+ 49. Ke3 Ke5 50. Ke2 Kf4 51. Kf2 Kg4 52. Ke3 Kxh4 0-1

[Event "CXU Nytår 2015 Øbro"]
[Site "?"]
[Date "2015.12.28"]
[Round "2.10"]
[White "Kristian Ø. Kragh, 2105, Niels"]
[Black "Schou-Moldt, 2230, Thomas"]
[Result "1/2-1/2"]
[BlackElo "2230"]
[WhiteElo "2105"]
[LiveChessVersion "1.4.6"]

1. e4 {[%clk 1:59:55]} c5 {[%clk 1:59:59]} 2. Nf3 {[%clk 1:59:44]} a6
{[%clk 1:59:56]} 3. d4 {[%clk 1:59:16]} cxd4 {[%clk 1:59:54]} 4. Nxd4
{[%clk 1:59:07]} Nf6 {[%clk 1:59:46]} 5. Nc3 {[%clk 1:58:58]} e5 {[%clk 1:59:18]}
6. Nb3 {[%clk 1:58:42]} Bb4 {[%clk 1:59:04]} 7. Bd3 {[%clk 1:58:19]} d6
{[%clk 1:56:24]} 8. O-O {[%clk 1:56:01]} Bxc3 {[%clk 1:55:30]} 9. bxc3
{[%clk 1:55:47]} O-O {[%clk 1:52:53]} 10. Bg5 {[%clk 1:51:24]} h6
{[%clk 1:51:08]} 11. Bh4 {[%clk 1:50:13]} Be6 {[%clk 1:50:37]} 12. Qe2
{[%clk 1:42:24]} Nbd7 {[%clk 1:49:52]} 13. Rad1 {[%clk 1:35:32]} Qc7
{[%clk 1:35:01]} 14. Qe3 {[%clk 1:32:42]} Rfc8 {[%clk 1:28:30]} 15. f4
{[%clk 1:29:49]} Bxb3 {[%clk 1:23:41]} 16. axb3 {[%clk 1:24:28]} Qxc3
{[%clk 1:22:37]} 17. Kh1 {[%clk 1:22:21]} exf4 {[%clk 1:12:12]} 18. Rxf4
{[%clk 1:16:52]} g5 {[%clk 1:05:40]} 19. Rf5 {[%clk 1:11:39]} Ng4
{[%clk 0:58:54]} 20. Qe2 {[%clk 1:07:52]} Nge5 {[%clk 0:55:26]} 21. Be1
{[%clk 0:58:53]} Qb2 {[%clk 0:54:51]} 22. Qh5 {[%clk 0:55:52]} Kg7
{[%clk 0:52:18]} 23. Bg3 {[%clk 0:49:32]} Rf8 {[%clk 0:50:50]} 24. Bc4
{[%clk 0:41:42]} Qa3 {[%clk 0:12:25]} 25. Rxg5+ {[%clk 0:34:16]} hxg5
{[%clk 0:11:06]} 26. Qxg5+ {[%clk 0:34:09]} Kh7 {[%clk 0:03:23]} 27. Qh5+
{[%clk 0:33:55]} Kg7 {[%clk 0:03:22]} 28. Qg5+ {[%clk 0:33:46]} Kh7
{[%clk 0:03:02]} 1/2-1/2